Analýza vzájomného vzťahu dlhu a HDP diplomová práca

Saved in:
Bibliographic Details
Main Author: Galvánek, Juraj
Corporate Author: Fakulta hospodárskej informatiky EU. Katedra štatistiky
Other Authors: Šoltés, Erik, 1974-
Format: Book
Language:Slovak
Published: Bratislava 2012
Tags: Add Tag
No Tags, Be the first to tag this record!

MARC

LEADER 00000nbm a2200000 4500
001 0154684
005 20161109102137.4
041 0 |a slo 
044 |a SK 
245 1 0 |a Analýza vzájomného vzťahu dlhu a HDP  |b diplomová práca  |c Juraj Galvánek ; školiteľ: Erik Šoltés 
264 1 |a Bratislava  |c 2012 
300 |a 68 s. 
100 1 |a Galvánek, Juraj 
700 1 |a Šoltés, Erik, 1974- 
710 2 |a Fakulta hospodárskej informatiky EU. Katedra štatistiky